El principio de dignidad de la persona humana en la jurisprudencia constitucional colombiana y francesa (Registro nro. 316396)

Detalles MARC
000 -ENCABEZADO
Número de control [NR] 00895 a2200217 4500
005 - FECHA Y HORA DE LA ÚLTIMA TRANSACCIÓN
control field 20211029094219.0
008 - DE LONGITUD FIJA DE DATOS DE ELEMENTOS - INFORMACIÓN GENERAL
Elementos de longitud fija [NR] 210917b ||||| |||| 00| 0 eng d
020 ## - NUMERO INTERNACIONAL NORMALIZADO PARA LIBROS [R]
Número Internacional Normalizado del libro [NR] 9789586169660
040 ## - FUENTE DE CATALOGACION [NR]
Agencia de catalogación original [NR] CO-BoUCM
Idioma de catalogación [NR] spa
Quien Cataloga John Ramirez
Quien Clasifica John Ramirez
041 ## - CODIGO DE IDIOMA [R]
Código de idioma para texto/pista de sonido o título separado [R] Español
100 ## - ASIENTO PRINCIPAL--NOMBRE PERSONAL [NR]
Nombre personal [NR] Carvajal Sánchez, Bernardo
ID Autoridad 106275
245 13 - MENCION DE TITULO [NR]
Título [NR] El principio de dignidad de la persona humana en la jurisprudencia constitucional colombiana y francesa
Mención de responsabilidad, etc. [NR] Bernardo Carvajal Sánchez
260 ## - PUBLICACION, DISTRIBUCION, ETC. (PIE DE IMPRENTA) [R]
Lugar de publicación, distribución, etc. [R] Bogotá
Nombre del editor, distribuidor, etc. [R] Instituto de Estudios Constitucionales Carlos Restrepo Piedrahita
Fecha de publicación, distribución, etc. [R] 2005
300 ## - DESCRIPCION FISICA [R]
Extensión [R] 155 páginas
490 0# - MENCION DE SERIE [R]
Mención de serie [R] Temas del Derecho Público
Designación numérica/secuencial del volumen [NR] 72
504 ## - NOTA DE BIBLIOGRAFIA, ETC. [R]
Nota de bibliografía, etc. [NR] Incluye referencias bibliográficas
650 #7 - ASIENTO SECUNDARIO DE MATERIA - TERMINO TEMATICO [R]
Término temático o nombre geográfico como elemento de entrada [NR] Derechos humanos
Subdivisión geográfica [R] Colombia
-- Francia
9 (RLIN) 106305
650 #7 - ASIENTO SECUNDARIO DE MATERIA - TERMINO TEMATICO [R]
Término temático o nombre geográfico como elemento de entrada [NR] Derecho constitucional
Subdivisión geográfica [R] Colombia
-- Francia
9 (RLIN) 106306
942 ## - ELEMENTOS DE ENTRADA AGREGADOS (KOHA)
Tipo de ítem principal el descrito en 300a Libro
Sistema de clasificación DEWEY
Tema principal Derecho
Edición 1
Clasificación 342.06
Parte restante de la signatura top. C331p
Título oculto en OPAC No
Existencias
Signatura topográfica Código de barras Última vez visto Ejemplar Costo de reposición Price effective from Tipo de ítem Nota pública (OPAC) Perdido Sistema de clasificación Dañado No prestable Tipo de ítem específico Suprimido Ubicación habitual Ubicación actual Localización Fecha de creación Proveedor Forma de adquisición Costo
342.06 C331p 100164695 04/12/2025 Ej.1 26000.00 29/10/2019 Libro Galería de donantes   DEWEY     Libro   Claustro Claustro 3er piso 29/10/2019 12 Donación 0.00